Nazwij wszystkie państwa, które miały ustrój polityczny komunistyczny. - Statystyki

Ogólne statystyki
  • Ten quiz został rozwiązany 15 razy
    6 od ostatniego zresetowania
  • Średni wynik to 28 z 34
Statystyki odpowiedzi
Kontynent Rok Powstania i Obalenia Państwo % Poprawnych
Europa 1944-1991 Albania
100%
Europa 1945-1992 Bośnia i Hercegowina
100%
Europa 1944-1989 Bułgaria
100%
Azja 1949-do dziś Chiny
100%
Europa 1945-1992 Chorwacja
100%
Europa 1945-1992 Czarnogóra
100%
Europa 1948-1989 Czechy
100%
Azja 1948-do dziś Korea Północna
100%
Europa 1945-1992 Kosowo
100%
Ameryka Środkowa 1959-do dziś Kuba
100%
Europa 1949-1989 Niemcy
100%
Europa 1944-1989 Polska
100%
Europa-Azja 1917-1991 Rosja
100%
Europa 1947-1989 Rumunia
100%
Europa 1945-1992 Serbia
100%
Europa 1948-1989 Słowacja
100%
Europa 1919/1948-1919/1989 Węgry
100%
Azja 1976-do dziś Wietnam
100%
Azja 1978-1992 Afganistan
80%
Afryka 1975-1990 Angola
80%
Azja 1975-1991 Kambodża
80%
Azja 1975-do dziś Laos
80%
Europa 1945-1992 Macedonia Północna
80%
Europa 1945-1992 Słowenia
80%
Afryka 1974-1991 Etiopia
60%
Afryka 1969-1991 Kongo
60%
Afryka 1960-1968 Mali
60%
Azja 1921-1990 Mongolia
60%
Afryka 1975-1990 Mozambik
60%
Afryka 1969-1991 Somalia
60%
Afryka 1974-1990 Benin
40%
Ameryka Środkowa 1979-1983 Grenada
40%
Ameryka Środkowa 1979-1990 Nikaragua
40%
Afryka 1958-1984 Gwinea
20%
Nie znaleziono quizów pasujących do podanych kryteriów
Rozkład punktacji
Procent ludzi z każdym wynikiem
Percentyl według liczby udzielonych odpowiedzi
Twoja historia wyników
Nie rozwiązałeś tego quizu od ostatniego zresetowania